Las mujeres de la Nasa : las científicas que impulsaron los viajes al espacio /

Aquí se cuenta la historia de un grupo de 16 mujeres matemáticas e ingenieras, que fueron reclutadas en las décadas de 1940 y 1950, para trabajar en el Laboratorio de Retropopulsión de la Nasa, área encargada del rastreo de asteroides. Conocidas como "las computadoras humanas", ellas fueron las resp...

Fuld beskrivelse

Guardado en:
Bibliografiske detaljer
Hovedforfatter: Holt, Nathalia (autor)
Andre forfattere: Schoenfeld, Matilde (traducción) (traducción)
Format: Bog
Sprog:spansk
Udgivet: México : Paidós, 2018, c2018
Fag:
Tags: Tilføj Tag
Ingen Tags, Vær først til at tagge denne postø!

MARC

LEADER 00000nam^a2200000^a^4500
001 000419055
005 20250521000000.0
009 20260310122434.14
020 |a 978-607-747-481-4 
037 |a Acervo ITESO - Biblioteca 
041 |a ESP 
082 |a 305. 42  |b HOL 
100 |a Holt, Nathalia  |e (autor) 
245 1 3 |a Las mujeres de la Nasa :  |b las científicas que impulsaron los viajes al espacio /  |c N. Holt ; tr. por M. Schoenfeld. 
264 4 |a México :  |b Paidós,  |c 2018, c2018 
300 |a 339 p. 
336 |a texto  |b txt  |2 rdacontenido 
337 |a sin mediación  |b n  |2 rdamedio 
338 |a volumen  |b nc  |2 rdasoporte 
500 |a Traducción de: Rise of the Rocket Girls 
520 |a Aquí se cuenta la historia de un grupo de 16 mujeres matemáticas e ingenieras, que fueron reclutadas en las décadas de 1940 y 1950, para trabajar en el Laboratorio de Retropopulsión de la Nasa, área encargada del rastreo de asteroides. Conocidas como "las computadoras humanas", ellas fueron las responsables de todos los cálculos para realizar los primeros misiles, pasa saber dónde bombardear sobre el Pacífico, para el lanzamiento del primer satélite de Estados Unidos, así como para las misiones lunares y la exploración no tripulada en Marte. 
521 |a Peticiones 2020 
649 |a XX 
650 |a Científicos Norteamericanos -  |x Biografías -  |x Tema Principal 
650 |a Mujeres Norteamericanas -  |x Biografías -  |x Tema Principal 
650 |a NASA -  |x Historia -  |y Siglo XX 
650 |a Ingeniería Aeroespacial -  |z EUA -  |x Historia -  |y Siglo XX 
650 |a Carrera Espacial -  |z EUA -  |x Historia 
650 |a Programa Espacial -  |z EUA -  |x Historia -  |y Siglo XX 
650 |a Astronáutica -  |z EUA -  |x Historia -  |y Siglo XX 
650 |a Ciencias Espaciales 
700 |a Schoenfeld, Matilde  |e (traducción) 
910 |a Fondo General 
920 |a Impresos - Libros 
930 |a Colección General 
905 |a 101 
901 |a 0500328758  |b IT1  |c ACC  |i C171960  |u 20250521 
902 |a https://opac.biblio.iteso.mx/vufind/Record/000419055